Barron's how to prepare for the TOEFL iBT : (Record no. 23488)

MARC details
000 -LEADER
fixed length control field 01571cam a2200373 a 4500
001 - CONTROL NUMBER
control field 14097849
003 - CONTROL NUMBER IDENTIFIER
control field OSt
005 - DATE AND TIME OF LATEST TRANSACTION
control field 20211222150430.0
008 - FIXED-LENGTH DATA ELEMENTS--GENERAL INFORMATION
fixed length control field 050906s2006 nyua 000 0 eng
010 ## - LIBRARY OF CONGRESS CONTROL NUMBER
LC control number 2005054551
020 ## - INTERNATIONAL STANDARD BOOK NUMBER
International Standard Book Number 0764133748
020 ## - INTERNATIONAL STANDARD BOOK NUMBER
International Standard Book Number 0764179055 (book with CD)
020 ## - INTERNATIONAL STANDARD BOOK NUMBER
International Standard Book Number 9780764133749
020 ## - INTERNATIONAL STANDARD BOOK NUMBER
International Standard Book Number 9780764179051
035 ## - SYSTEM CONTROL NUMBER
System control number (OCoLC)ocm61687940
040 ## - CATALOGING SOURCE
Original cataloging agency DLC
Transcribing agency HU
Modifying agency YDX
-- BAKER
-- DLC
050 00 - LIBRARY OF CONGRESS CALL NUMBER
Classification number PE1128
Item number .S5 2006
082 00 - DEWEY DECIMAL CLASSIFICATION NUMBER
Classification number 428.0076
Edition number 22
100 1# - MAIN ENTRY--PERSONAL NAME
Personal name Sharpe, Pamela J.
9 (RLIN) 24347
245 10 - TITLE STATEMENT
Title Barron's how to prepare for the TOEFL iBT :
Remainder of title test of English as a foreign language Internet-based test /
Statement of responsibility, etc. Pamela J. Sharpe.
246 3# - VARYING FORM OF TITLE
Title proper/short title How to prepare for the TOEFL iBT
250 ## - EDITION STATEMENT
Edition statement 12th ed.
260 ## - PUBLICATION, DISTRIBUTION, ETC.
Place of publication, distribution, etc. Hauppauge, N.Y. :
Name of publisher, distributor, etc. Barron's,
Date of publication, distribution, etc. c2006.
300 ## - PHYSICAL DESCRIPTION
Extent xiv, 812 p. :
Other physical details ill. ;
Dimensions 28 cm +
Accompanying material 10 sound discs (digital ; 4 3/4 in.)
500 ## - GENERAL NOTE
General note Rev. ed. of: How to prepare for the TOEFL test. 11th ed. 2004.
650 #0 - SUBJECT ADDED ENTRY--TOPICAL TERM
Topical term or geographic name entry element English language
Form subdivision Textbooks for foreign speakers.
9 (RLIN) 24348
650 #0 - SUBJECT ADDED ENTRY--TOPICAL TERM
Topical term or geographic name entry element Test of English as a Foreign Language
Form subdivision Study guides.
9 (RLIN) 24349
650 #0 - SUBJECT ADDED ENTRY--TOPICAL TERM
Topical term or geographic name entry element English language
General subdivision Examinations
Form subdivision Study guides.
9 (RLIN) 24350
700 1# - ADDED ENTRY--PERSONAL NAME
Personal name Sharpe, Pamela J.
Title of a work How to prepare for the TOEFL test.
9 (RLIN) 24351
856 42 - ELECTRONIC LOCATION AND ACCESS
Materials specified Publisher description
Uniform Resource Identifier <a href="http://www.loc.gov/catdir/enhancements/fy0630/2005054551-d.html">http://www.loc.gov/catdir/enhancements/fy0630/2005054551-d.html</a>
906 ## - LOCAL DATA ELEMENT F, LDF (RLIN)
a 7
b cbc
c orignew
d 1
e ocip
f 20
g y-gencatlg
942 ## - ADDED ENTRY ELEMENTS (KOHA)
Source of classification or shelving scheme Dewey Decimal Classification
Koha item type Books like text book referance book
Suppress in OPAC No
Holdings
Withdrawn status Lost status Source of classification or shelving scheme Damaged status Not for loan Home library Current library Shelving location Date acquired Total Checkouts Full call number Barcode Date last seen Copy number Price effective from Koha item type
    Dewey Decimal Classification     Social Library Social Library General Stacks 12/22/2021   428,0078/SHA SHLIB 00011240 12/22/2021 C1 12/22/2021 Books like text book referance book